e-Learning: Sytém elektronických kurzov

Gespeichert in:
Bibliographische Detailangaben
1. Verfasser: Zázrivec, Ján (Verfasst von)
Weitere Verfasser: Lenharčík, Imrich (Betreuung Doktorarbeit), Hanulová, Ľubica, 1941- (Betreuung Doktorarbeit)
Format: Manuskript Buch
Sprache:Slowakisch
Veröffentlicht: Bratislava : STU v Bratislave FEI, 2003
Schlagworte:
Tags: Tag hinzufügen
Keine Tags, Fügen Sie das erste Tag hinzu!

MARC

LEADER 00000ntm a22000003a 4500
001 stu81158
005 20160719164738.4
008 030624s2003------------------------slo-d
040 |a STU  |b slo 
041 0 |a slo 
100 1 |a Zázrivec, Ján  |4 aut 
245 1 |a e-Learning: Sytém elektronických kurzov 
260 |a Bratislava :  |b STU v Bratislave FEI,  |c 2003 
300 |a 48 s 
650 7 |a informatika  |2 stusub 
700 1 |a Lenharčík, Imrich  |4 ths 
700 1 |a Hanulová, Ľubica,  |d 1941-  |4 ths  |u E220  |U FEI Fakulta elektrotechniky a informatiky  |T FEI Katedra informatiky a výpočtovej techniky  |X 1823  |U E220  |Y 69  |7 1823 
996 |b IDP28/03  |c I*DP28/03  |l II680  |s A  |a 24  |w stu81158_0001